000 00393pam a2200157a 44500
008 230515b1978 xxu||||| |||| 00| 0 eng d
020 _aNULL
041 _aENGLISH
082 _a630
100 _a2720-1977
245 _aMETHODS OF TEST FOR SOILS PART - XXXIX DIRECT SHEAR TEST FOR SOILS CONTAINING GRAVEL
250 _a0
260 _aDELHI
_bISI
_c1978
300 _a12
650 _aNULL
999 _c652064
_d652064